McGraw-Hill encyclopedia of science technology. Vol.2

שמור ב:
מידע ביבליוגרפי
פורמט: ספר
שפה:Undetermined
יצא לאור: New York McGraw-Hill 1960
נושאים:
תגים: הוספת תג
אין תגיות, היה/י הראשונ/ה לתייג את הרשומה!
Thư viện lưu trữ: Trung tâm Học liệu Trường Đại học Cần Thơ
LEADER 00443nam a2200157Ia 4500
001 CTU_26169
008 210402s9999 xx 000 0 und d
082 |a 503 
082 |b M113/Vol.2 
245 0 |a McGraw-Hill encyclopedia of science technology. Vol.2 
260 |a New York 
260 |b McGraw-Hill 
260 |c 1960 
650 |a science - dictionaries 
904 |i Minh, 981010 
980 |a Trung tâm Học liệu Trường Đại học Cần Thơ